000 01570nam a2200241Ia 4500
999 _c52025
_d52025
001 19029
003 GE_BSU
005 20220920102627.0
008 181216s2012||||ge |||||||||||||| ||geo||
040 _cGE_BSU
041 _ageo
080 _a 82 მ-17
100 _aმაისურაძე, ნინო
_910083
245 _aბიბლიური ციტატებისა და ალუზიების ინტერტექსტუალური ველი თომას სტერნზ ელნოტის შემოქმედებაში: დისერტაცია /
_cნინო მაისურაძე; სამეცნიერო ხელმძღვანელი მ. ებანოიძე; ბათუმის შოთა რუსთაველის სახ-ფო უნ-ტი.
264 _aბათუმი,
_c2012
300 _a157 გვ. ;
_b30 სმ.
653 _aბიბლიური ციტატებისა და ალუზიების ინტერტექსტუალური ველი თომას სტერნზ ელნოტის შემოქმედებაში
653 _aდისერტაცია
653 _aლიტმცოდნეობა
700 _aებანოიძე, მ.
_e სამეცნიერო ხელმძღვანელი
_911612
710 _aბათუმის შოთა რუსთაველის სახ-ფო უნ-ტი
_911613
942 _cBK
_2udc